000 00240nam a2200097Ia 4500
008 230915s9999 xx 000 0 und d
050 _aQD 81 .H37 2007
100 _aDANIEL C. HAMIS
245 0 _aQUANTITATIVE CHEMICAL ANALYSIS
942 _cBK
999 _c190291
_d190291